000 00515nam a2200181Ia 4500
005 20250508162636.0
008 008 250505s9999 xx 000 0 eng d
037 _aTextual
040 _aFEDL
_beng
_cFEDL
041 _aeng
_2eng
084 _a371.928, SEN
_qFEDL
100 _aSen A K
245 0 _aMental retardation: An Indian perspective
260 _aBhelupur, India
_bRupa Psychological Centre
_c1982
300 _avii,194p.
942 _cTEXL
_h371.928, SEN
999 _c1377798
_d1377798